000
00224nam a22000857a 4500
008
161022b xxu||||| |||| 00| 0 eng d
100
_9
938
_a
Khurana.S.
245
_a
Mathematics Lab-VI
260
_a
New Delhi
_b
LBP. Publications
_c
2011
999
_c
3592
_d
3592